000
00265nam a2200097Ia 4500
005
20251222114343.0
008
251222s1900||||xx |||||||||||||| ||spa||
082
_a
DVD0195/U61P/2005
245
0
_a
Charla: Los principios fundamentales de la "Gaudium et Spes":
942
_c
DVD
999
_c
927
_d
927